| 000 | 00674nam a22002297a 4500 | ||
|---|---|---|---|
| 999 |
_c668 _d668 |
||
| 003 | AR-CdUCM | ||
| 008 | 190225b ||||| |||| 00| 0 eng d | ||
| 040 |
_aMUNICIPALIDAD PROVINCIAL DEL CUSCO _cBIBLIOTECA MUNICIPAL DEL CUSCO |
||
| 082 |
_a869.56 / _bG26 |
||
| 100 |
_aGarrido Malaver, Julio _92596 |
||
| 245 | _aSimplemente el Hombre / | ||
| 260 |
_aTrujillo : _bEditora Norte, _c1958. |
||
| 300 |
_a93 páginas ; _c20 cm. |
||
| 505 | _a1 -- 2 -- 3 -- 4 -- 5... | ||
| 650 |
_aNovela peruana _91234 |
||
| 650 |
_aLiteratura peruana _9169 |
||
| 650 |
_aPerú _935 |
||
| 650 |
_aPoesía _9139 |
||
| 650 |
_aSociedad _953 |
||
| 942 |
_2ddc _cLIBROS |
||
| 945 |
_admma _d2019-02-25 |
||